Luận & luyện dịch pháp văn = re'daction et traduction
Tuyển tập các bài luận tiếng Pháp; cung cấp các từ vựng xuất hiện trong mõi bài luận và câu hỏi; đưa ra các bài dịch mẫu qua tiếng Việt
Đã lưu trong:
| Tác giả chính: | |
|---|---|
| Định dạng: | Sách |
| Năm xuất bản: |
ĐN.
|
| Phiên bản: | 1998 |
| Chủ đề: | |
| Tags: |
Thêm thẻ
Không có thẻ, Hãy là người đầu tiên gắn thẻ bản ghi này!
|
| LEADER | 00920nam a2200193 4500 | ||
|---|---|---|---|
| 999 | |c 4569 |d 4569 | ||
| 082 | |a 448 |b H407PH | ||
| 100 | |a Hoàng Phương | ||
| 245 | |a Luận & luyện dịch pháp văn = re'daction et traduction |c Hoàng Phương | ||
| 250 | |a 1998 | ||
| 260 | |a ĐN. | ||
| 300 | |a 226 tr. |c 19 cm | ||
| 520 | |a Tuyển tập các bài luận tiếng Pháp; cung cấp các từ vựng xuất hiện trong mõi bài luận và câu hỏi; đưa ra các bài dịch mẫu qua tiếng Việt | ||
| 653 | |a Ngôn ngữ | ||
| 653 | |a Tiếng Pháp | ||
| 653 | |a Kỹ năng dịch | ||
| 942 | |2 ddc |c STK0 | ||
| 952 | |0 0 |1 0 |2 ddc |4 0 |6 448_000000000000000_H407PH |7 0 |8 400 |9 44177 |a qbu |b qbu |c D4 |d 2014-12-19 |g 16000 |o 448 H407PH |p 2870.c1 |w 2014-12-19 |y SH |0 0 |6 448_000000000000000_H407PH | ||
| 952 | |0 0 |1 0 |2 ddc |4 0 |6 448_000000000000000_H407PH |7 0 |8 400 |9 97628 |a qbu |b qbu |c D4 |d 2015-11-03 |g 16000 |o 448 H407PH |p 2870.c2 |r 0000-00-00 |w 2015-11-03 |y SH | ||